| 000 | 00504nam a2200181Ia 4500 | ||
|---|---|---|---|
| 008 | 240925s9999 xx 000 0 und d | ||
| 020 | _a9780735626942 | ||
| 082 | _a005.54 FRY | ||
| 100 | _aFrye ,Curtis D. | ||
| 245 | 0 | _aMicrosoft® Excel®2010: step by step | |
| 250 | _a1st | ||
| 260 |
_aNew York: _bMicrosoft Inc _c,2010. |
||
| 300 |
_ax,234p. _bN.A _fOriginal |
||
| 500 | _aIncludes Index | ||
| 600 | _aComputer Science | ||
| 650 | _aComputer science, information & general works | ||
| 942 | _cBK | ||
| 999 |
_c12484 _d12484 |
||